| 000 | 00803nam a2200265 u 4500 | ||
|---|---|---|---|
| 001 | 000038618 | ||
| 005 | 20200120222326.0 | ||
| 008 | 100507s2009 cau r 000 0 spa d | ||
| 020 | _a9789589608692 | ||
| 043 | _as-ck--- | ||
| 082 | 0 | 4 |
_a634.38 _bD87 _221 |
| 100 | 1 | _aDurán Ramírez, Felipe | |
| 245 | 1 | 0 |
_aProducción de mora : _bcondiciones-manejo-enfermedades / _cFelipe Durán Ramírez; diseño: Jaime Durán Naranjo. |
| 250 | _a1a. ed. | ||
| 260 |
_aBogotá : _bGrupo Latino, _c2009. |
||
| 300 |
_a48 p. : _bil., col. |
||
| 490 | 0 | _aGranja integral | |
| 504 | _aIncluye bibliografía | ||
| 650 | 1 | 7 | _aCultivos |
| 650 | 2 | 7 | _aMora |
| 650 | 2 | 7 | _aProducción agricola |
| 650 | 2 | 7 | _aEnfermedades y plagas |
| 650 | 2 | 7 | _aMercadeo de productos agricolas |
| 700 | 1 |
_aDurán Naranjo, Jaime _edise. |
|
| 999 |
_c2335 _d2335 |
||